Statistics for Man utd Top 20 Appearances

Click here to take the quiz!

General Stats

  • This quiz has been taken 1,620 times
  • The average score is 9 of 20

Answer Stats

HintAnswer% Correct
899Ryan Giggs
96%
718Paul Scholes
91%
442Wayne Rooney
90%
602Gary Neville
83%
758Sir Bobby Charlton
81%
455Rio Ferdinand
73%
470George Best
66%
480Roy Keane
66%
529Dennis Irwin
51%
467Mark Hughes
39%
461Bryan Robson
38%
437Gary Pallister
30%
539Alex Stepney
14%
688Bill Foulkes
14%
471Brian McClair
13%
510Joe Spence
7%
456Martin Buchan
7%
485Arthur Albiston
6%
535Tony Dunne
5%
449Jack Silcock
2%

Score Distribution

Percentile by Number Answered

Percent of People with Each Score

Your Score History

You have not taken this quiz